000 00433nam a2200157Ia 4500
008 230718s9999 xx 000 0 und d
041 _aeng
082 _a005.4'53
_bLOU
100 _aLouden K.C.
245 _aCompiler Construction
_bPrinciples And Practice
260 _bThomson Brooks /Cole (Vikas Publishing House)
300 _a582
365 _cRs.
_b295.00
700 _aLouden K.C.
906 _dB:394007-Mar-2007
_cCOMP
_b59
999 _c316214
_d316214